WORLD WATER AND ENVIRONMENT (Record no. 58630)

000 -LEADER
fixed length control field 00460nam a22001817a 4500
003 - CONTROL NUMBER IDENTIFIER
control field MPLRDC
005 - DATE AND TIME OF LATEST TRANSACTION
control field 20220104171810.0
008 - FIXED-LENGTH DATA ELEMENTS--GENERAL INFORMATION
fixed length control field 210129b ||||| |||| 00| 0 eng d
020 ## - INTERNATIONAL STANDARD BOOK NUMBER
International Standard Book Number 0-85558-182-4
082 ## - DEWEY DECIMAL CLASSIFICATION NUMBER
Classification number 351.7 SAL 1967
100 ## - MAIN ENTRY--PERSONAL NAME
Personal name COLIN J. SALE
245 ## - TITLE STATEMENT
Title WORLD WATER AND ENVIRONMENT
Statement of responsibility, etc.
250 ## - EDITION STATEMENT
Edition statement 再版
260 ## - PUBLICATION, DISTRIBUTION, ETC.
Place of publication, distribution, etc.
Name of publisher, distributor, etc. SHAKESPEARE HEAD
Date of publication, distribution, etc. 1975
300 ## - PHYSICAL DESCRIPTION
Other physical details
650 ## - SUBJECT ADDED ENTRY--TOPICAL TERM
Topical term or geographic name entry element 自然地理--水体; 水文学
942 ## - ADDED ENTRY ELEMENTS (KOHA)
Koha item type Book
-- 351.7 SAL 1967
Holdings
Withdrawn status Lost status Source of classification or shelving scheme Damaged status Not for loan Collection code Home library Current library Shelving location Date acquired Cost, normal purchase price Total Checkouts Full call number Barcode Date last seen Date last checked out Price effective from Koha item type Public note
            Malaysian Public Library, Research and Development Centre Malaysian Public Library, Research and Development Centre   10/12/2007 0.00   351.7 SAL 1967 E0003236 18/03/2021 13/11/2009 18/03/2021 Book mplrdc

© 2022. Malaysian Public Library, Research and Development Centre. All Right ReservedE-mailmplrdc@help.edu.my 

Powered by Koha